000 01355nam a2200301 a 4500
003 OSt
005 20230620092402.0
007 cr ||||||a|c|a
008 230207s2020 mx ||||fom||| 001 0 spa d
040 _erda
100 1 _9186044
_aCeniceros García, Ilda Yovana
245 1 _aEfecto del paletizado de la dieta sobre el consumo, digestibilidad y comportamiento productivo en corderos /
_cpor Ilda Yovana Ceniceros García y Mayra Guadalupe De los Santos Rodríguez; director de tesis Ignacio Tovar Luna
264 1 _aChapingo, México :
_bEl autor,
_c2020.
300 _a1 recurso en línea (48 páginas).
336 _2rdacontent
_atexto
_btxt
337 _2rdamedia
_acomputadora
_bc
338 _2rdacarrier
_arecurso en línea
_bcr
502 _bISP
_cURUZA
_d2020.
_gLIC
504 _aIncluye referencias bibliográficas: páginas 41-48
650 4 _9144079
_aAlimentación de corderos
650 4 _9145326
_aGanancia de peso
650 4 _9144080
_aCorderos
_xEngorda
650 4 _9145686
_aEficiencia alimenticia
700 0 _9114409
_aTovar Luna, Ignacio
_eDirector de tesis
700 1 _9186149
_aSantos Rodríguez, Mayra Guadalupe De los
856 _uhttp://10.13.5.2/tesis/tl/2020_ZA_Ceniceros_Garcia_IldaYovana-DelosSantos_Rodriguez_MayraGuadalupe.pdf
_zDESCARGAR PDF
942 _2Clasificación Universidad Autónoma Chapingo
_cTD
999 _c218290
_d218290